Normal view
MARC view
- Smironff, Michael V
Entry Personal Name
001 - CONTROL NUMBER
- control field: 39603
003 - CONTROL NUMBER IDENTIFIER
- control field: NUST
005 - DATE AND TIME OF LATEST TRANSACTION
- control field: 20210314131505.0
008 - FIXED-LENGTH DATA ELEMENTS
- fixed length control field: 210314|| aca||aabn | a|a d
040 ## - CATALOGING SOURCE
- Original cataloging agency: NUST
- Transcribing agency: NUST
100 ## - HEADING--PERSONAL NAME
- Personal name: Smironff, Michael V
670 ## - SOURCE DATA FOUND
- Source citation: Work cat.: (NUST): Smironff, Michael V., Measurements for Engineering and Other Surveys, 1962
